00695cam a2200241 a 450000100070000000500170000700800410002402000150006502000220008004000180010208200190012024501050013925000120024426000340025630000170029065000330030765000150034065000290035565000260038470000230041094200070043399900130044095256320231214045107.0841003s1985 nyu b 000 0 eng  a0394539133 a0394726472 (pbk.) aDLCcDLCdDLC00a809/.8928721904aThe New feminist criticism :bessays on women, literature, and theory /cedited by Elaine Showalter. a1st ed. aNew York :bPantheon,cc1985. aix, 403 p. ; 0aFeminist literary criticism. 0aLiterature 0aFeminism and literature. 0aWomen and literature.1 aShowalter, Elaine. cBK c175d175